Normal view
MARC view
- الارشاد النفسي-علم النفس
Entry Topical Term
001 - CONTROL NUMBER
- control field: 63160
003 - CONTROL NUMBER IDENTIFIER
- control field: JO-AjAnu
005 - DATE AND TIME OF LATEST TRANSACTION
- control field: 20230606084318.0
008 - FIXED-LENGTH DATA ELEMENTS
- fixed length control field: 230606|| aca||aabn | a|a d
040 ## - CATALOGING SOURCE
- Original cataloging agency: JO-AjAnu
- Transcribing agency: JO-AjAnu
150 ## - HEADING--TOPICAL TERM
- Topical term or geographic name entry element: الارشاد النفسي-علم النفس
670 ## - SOURCE DATA FOUND
- Source citation: Work cat.: (JO-AjAnu)32202: ابو عطية، سهام درويش, author 63159, مبادئ الارشاد النفسي = PRINCIPLES PSYCYHOLOGICAL COUNSELING